| 000 | 01092nam a2200277Ia 4500 | ||
|---|---|---|---|
| 003 | OSt | ||
| 005 | 20221005103558.0 | ||
| 006 | a|||||r|||| 00| 0 | ||
| 007 | ta | ||
| 008 | 221004b |||||||| |||| 00| 0 hin d | ||
| 020 |
_a8181820827 (hbk) _c795 |
||
| 024 | _a108329 | ||
| 037 |
_b537, 14/03/2011, Eastern Book Linkers _cTextual |
||
| 040 |
_aCRL _cCRL _bhin |
||
| 041 |
_2hin _ahin |
||
| 082 | _aR6, 152Q1 | ||
| 100 | _aतातेड़, सोहन राज | ||
| 245 | 0 | _aभारतीय दर्शन की मौलिक अवधारणाएं | |
| 246 | _aBhāratīya darshan kī maulik avadhāraṇāean | ||
| 260 |
_aजयपुुर _bलिट्रेरी सर्किल भारत _c2011 |
||
| 300 |
_a255पृ0 _ccm. |
||
| 650 | _aभारतीय दर्शन | ||
| 700 | _a विद्यासागर सिंह | ||
| 942 |
_hR6, 152Q1 _cTEXL _2cc |
||
| 999 |
_c1010331 _d1010331 |
||